• 首页
  • 本馆介绍
  • 公告通知
  • 最新文献
  • 馆藏检索
  • 电子资源
  • 读者导购
  • 参考咨询
  • 我的图书馆
  • 登录
  • 详细信息显示
  • 放入我的书架
  • 预约/预借图书
  • 作者相关作品
  • 分类相关作品
  • 丛书相关作品
  • 出版社相关作品

书目信息

  • 表格格式
  • 工作单格式
  • 卡片格式
题名:
在艺术中呼吸
    
 
作者: 鲁仲连 主编
分册:  
出版信息: 桂林   广西师范大学出版社  2002
页数: 261页
开本: 21cm
丛书名: 艺术平台系列
单 册:
中图分类: G269 , J051
科图分类:
主题词: 美术馆--简介--意大利 , 艺术评论--世界 , 美术馆 , 艺术评论 , 博物馆学 , 博物馆事业
电子资源:
ISBN: 7-5633-3505-6
000 01069oam2 2200337 450
001 1255887140
005 20121005153230.98
010    @a7-5633-3505-6@dCNY39.80
100    @a20020522d2002 em y0chiy0110 ea
101 0  @achi
102    @aCN@b450000
105    @abf z 000yd
200 1  @a在艺术中呼吸@Azai yi shu zhong hu xi@e意大利博物馆之旅@f鲁仲连主编
210    @a桂林@c广西师范大学出版社@d2002
215    @a261页@c地图,图版@d21cm
225 2  @a艺术平台系列@v5
305    @a中国台湾高谈文化事业有限公司授权出版
330    @a本书介绍了意大利美术馆的历史背景、建筑风貌以及著名典藏品,另以专栏报道重要艺术家的生平事迹、特殊作品的轶闻趣事、艺术小常识。
461  0 @12001 @a艺术平台系列
517 1  @a意大利博物馆之旅@Ayi da li bo wu guan zhi lv
606 0  @a美术馆@x简介@y意大利
606 0  @a艺术评论@y世界
606 0  @a美术馆
606 0  @a艺术评论
606 0  @a博物馆学
606 0  @a博物馆事业
690    @aG269@v4
690    @aJ051@v4
701  0 @a鲁仲连@Alu zhong lian@4主编
801  0 @aCN@bNLC@c20101222
905    @a10447@dG269@eJY36
    
    在艺术中呼吸:意大利博物馆之旅/鲁仲连主编.-桂林:广西师范大学出版社,2002
    261页:地图,图版;21cm.-(艺术平台系列;5)
    
    
    ISBN 7-5633-3505-6:CNY39.80
    本书介绍了意大利美术馆的历史背景、建筑风貌以及著名典藏品,另以专栏报道重要艺术家的生平事迹、特殊作品的轶闻趣事、艺术小常识。
●
相关链接 在E读中查询图书 在五车中查询图书 在当当中查询图书 在豆瓣中查询图书


正题名:在艺术中呼吸     索取号:G269/JY36         预约/预借

序号 登录号 条形码 馆藏地/架位号 状态 备注
1 7814635   278146356   学院路分馆/ [索取号:G269/JY36] 在馆    
2 7814636   278146365   学院路分馆/ [索取号:G269/JY36] 在馆    
3 7814637   278146374   学院路分馆/ [索取号:G269/JY36] 在馆    
唐山师范学院图书馆 欢迎您!
大连网信软件有限公司© 版权所有